Online
Catalog

La esperanza desgarrada : (Record no. 37188)

MARC details
000 -CABECERA
campo de control de longitud fija 01183nam a2200193 a 4500
001 - NÚMERO DE CONTROL
campo de control 000037698
003 - IDENTIFICADOR DEL NÚMERO DE CONTROL
campo de control OSt
005 - FECHA Y HORA DE LA ÚLTIMA TRANSACCIÓN
campo de control 20210407185745.0
008 - DATOS DE LONGITUD FIJA--INFORMACIÓN GENERAL
campo de control de longitud fija 121115s2012 dr a 001 0 spa d
020 ## - NÚMERO INTERNACIONAL ESTÁNDAR DEL LIBRO
Número Internacional Estándar del Libro 9789945164817
040 ## - FUENTE DE LA CATALOGACIÓN
Centro catalogador/agencia de origen DO-SdBNP
Lengua de catalogación spa
Centro/agencia transcriptor BNPHU
100 1# - ENTRADA PRINCIPAL--NOMBRE DE PERSONA
Nombre de persona Gleijeses, Piero
9 (RLIN) 64160
245 13 - MENCIÓN DE TÍTULO
Título La esperanza desgarrada :
Resto del título la rebelión dominicana de y la invación norteamericana /
Mención de responsabilidad, etc. Piero Gleijeses.
260 ## - PUBLICACIÓN, DISTRIBUCIÓN, ETC.
Lugar de publicación, distribución, etc. Santo Domingo :
Nombre del editor, distribuidor, etc. Editora Búho,
Fecha de publicación, distribución, etc. 2012.
300 ## - DESCRIPCIÓN FÍSICA
Extensión 562 p. :
Otras características físicas il., retrs. ;
Dimensiones 25 cm.
500 ## - NOTA GENERAL
Nota general Incluye índice
505 1# - NOTA DE CONTENIDO CON FORMATO
Título Abreviatura --
-- Prólogo para la edición dominicana --
-- prólogo para la edición cubana --
-- Prefacio--
-- Bosquejo de la historia dominicana --
-- Nicaragüización o democatización? --
-- consejo de estado --
-- Gobierno contitucional de Juan Bosch --
-- Triunvirato--
-- Contragolpe --
-- Hacia la guerra civil --
-- Balance de furezas --
-- Guerra civil --
-- Fracasa la jugada de San Isidro --
-- Triunfo de fuerza --
-- La pax americana --
-- La izquierda dominicana en la era de Trujillo --
-- Minerva Mirabal de Taváres --
-- La intervención humanitaria --
-- Fuentes consultadas--
-- obras citadas --
-- Índice onomástico --
942 ## - ELEMENTOS DE PUNTO DE ACCESO ADICIONAL (KOHA)
Fuente del sistema de clasificación o colocación Dewey Decimal Classification
Tipo de ítem Koha Libro
Holdings
Estado de retiro Estado de pérdida Restricciones de uso No para préstamo Código de colección Localización permanente Ubicación/localización actual Ubicación en estantería Fecha de adquisición Número de inventario Total de préstamos Signatura topográfica completa Código de barras Fecha visto por última vez Número de copia Precio válido a partir de Tipo de ítem Koha Nota pública
        Dominicana de Servicio General General Depósito 14.08.2015 LF1   37698-30 25.06.2020 e. 3 25.06.2020 Libro y Folleto Colección Dominicana de Servicio  
        Dominicana de Servicio General General Depósito 14.08.2015 LF1   37698-40 25.06.2020 e. 4 25.06.2020 Libro y Folleto Colección Dominicana de Servicio Perteneció a la biblioteca personal de Chiqui Vicioso / Fidelio Despradel.
        Dominicana de Servicio General General Depósito 25.08.2015 LF1   37698-50 25.06.2020 e. 5 25.06.2020 Libro y Folleto Colección Dominicana de Servicio  
      Excluido de préstamo Patrimonio Dominicano Patrimonio Dominicano Patrimonio Dominicano Depósito 14.07.2015 LF1   37698-10 25.06.2020   25.06.2020 Libro y Folleto Colección Patrimonio Dominicano  
      Excluido de préstamo Patrimonio Dominicano Patrimonio Dominicano Patrimonio Dominicano Depósito 06.08.2015 LF1   37698-20 25.06.2020 e. 2 25.06.2020 Libro y Folleto Colección Patrimonio Dominicano  

Powered by Koha